| 000 | 00633cam a22002052 4500 | ||
|---|---|---|---|
| 001 | 0000006386 | ||
| 005 | 20151217145832.0 | ||
| 008 | 071025s xx 000 0 eng d | ||
| 020 |
_a9966805656 : _cKES 590 |
||
| 040 |
_aKABU _cKABU |
||
| 100 | 1 |
_aLaHaye, Tim F. _@0000088074 |
|
| 245 | 1 | 4 |
_aThe Act of marriage : _bthe beauty of sexual love / _cTim & Beverly LaHaye. |
| 260 |
_aNairobi : _bWordAlive, _c2005. |
||
| 300 | _a304 p. | ||
| 650 | 0 |
_aSex _xReligious aspects _xChristianity. _@0000149277 |
|
| 650 | 0 |
_aMarriage. _@0000152876 |
|
| 908 | _a071025 | ||
| 950 | _@1 | ||
| 999 |
_c3119 _d3119 |
||